000 00561nam a2200205Ia 4500
005 20250425161820.0
008 250425s9999 xx 000 0 und d
020 _a0135518547
041 _aeng
082 _a658.404
100 _aNICHOLAS, JOHN M.
245 0 _aMANAGING BUSINESS AND ENGINEERING PROJECTS: CONCEPTS AND IMPLEMENTATION
250 _a1ST ED.
260 _aEstados Unidos
_bPRENTICE HALL
_c1994
260 _aUPPER SADDLE RIVER
300 _a543
650 _aADMINISTRACION DE PROYECTOS INDUSTRIALES
942 _c01
010 _a30856
999 _c216679
_d216679